| 000 | 00985nam a2200301 a 4500 | ||
|---|---|---|---|
| 001 | 2873735 | ||
| 003 | NUST - PNEC | ||
| 005 | 20170116181102.0 | ||
| 008 | 851204s1980 enkaf b 001 0beng c | ||
| 010 | _a 85673617 | ||
| 020 | _a009142500X | ||
| 040 |
_aMH _cLIBRARY _dDLC |
||
| 043 | _ae-uk--- | ||
| 050 | 1 | 4 |
_aDA69.3.W37 _bL48x 1980b |
| 082 | _a923.5 LEW | ||
| 100 | 1 | _aLewin, Ronald. | |
| 245 | 1 | 4 |
_aThe chief : _bField Marshal Lord Wavell, Commander-in-Chief and Viceroy, 1939-1947 / _cRonald Lewin. |
| 260 |
_aLondon : _bHutchinson, _c1980. |
||
| 300 |
_a282 p., [8] p. of plates : _bill. ; _c23 cm. |
||
| 500 | _aIncludes index. | ||
| 504 | _aBibliography: p. [257]-260. | ||
| 600 | 1 | 0 |
_aWavell, Archibald Percival Wavell, _cEarl of, _d1883-1950. |
| 610 | 1 | 0 |
_aGreat Britain. _bArmy _xGeneral book. |
| 650 | 0 |
_aMarshals _zGreat Britain _xBiography. |
|
| 650 | 0 |
_aViceroys _zIndia _xBiography. |
|
| 906 |
_a7 _bcbc _corignew _du _encip _f19 _gy-gencatlg |
||
| 942 |
_2ddc _cBK |
||
| 999 |
_c68808 _d68808 |
||